000
00291nam a22001337a 4500
008
170724b xxu||||| |||| 00| 0 eng d
020
_a
082039500126
041
_a
eng
080
_a
004
100
_a
29
101
_a
SHK
245
_a
MACROMEDIA COLDFUSION MX
_c
KOCHAR,R
942
_2
udc
_c
BK
999
_c
21801
_d
21801